Personnages de fiction en images - C - Statistiques

Statistiques générales
  • Ce quiz a été pris 80 843 fois
  • Le résultat moyen est 13 sur 20
Statistiques - réponses
Par images Réponse % Correct
Fée {Clochette}
96%
Cendrillon
95%
Catwoman
88%
Cruella d'Enfer
88%
Chucky
87%
Casper
83%
Calimero
77%
Chewbacca
76%
Carapuce
75%
Cédric
73%
Cerbère
65%
Cho Chang
64%
Carlo Tentacule
59%
Casimir
56%
Chandler Bing
53%
Coco Rivera
50%
Clark Kent
49%
Charlot
31%
Conan le Barbare
28%
Claude Frollo
17%
Aucun quiz correspondant
Distribution des résultats
% des personnes avec chaque résultat
Percentile par nombre de réponses
Votre historique - résultats
Vous n’avez pas pris ce quiz